Catálogo público

(Record no. 187454)

MARC details
000 -CABECERA
campo de control de longitud fija 01327nam a2200241Ia 4500
001 - NÚMERO DE CONTROL
campo de control IA_6625,23/10/2017,23/10/2017,5232272017 mx nmel8223123322spa16,"
008 - DATOS DE LONGITUD FIJA--INFORMACIÓN GENERAL
campo de control de longitud fija 220117so / xx 000 0 und d
010 ## - NÚMERO DE CONTROL DE LA BIBLIOTECA DEL CONGRESO
Número de control de LC 187454
090 ## - LOCALMENTE ASIGNADO TIPO-LC NÚMERO DE CLASIFICACIÓN (OCLC); NÚMERO DE CLASIFICACIÓN LOCAL (RLIN)
Número de clasificación (OCLC) (R) ; Numero de clasificación, CALL (RLIN) (NR) Tesis R36 2017
100 ## - ENTRADA PRINCIPAL--NOMBRE DE PERSONA
Nombre de persona Ramírez Díaz
9 (RLIN) 159715
260 ## - PUBLICACIÓN, DISTRIBUCIÓN, ETC.
Lugar de publicación, distribución, etc. México :
Nombre del editor, distribuidor, etc. El autor,
Fecha de publicación, distribución, etc. o /
300 ## - DESCRIPCIÓN FÍSICA
Extensión iv
500 ## - NOTA GENERAL
Nota general El CD contiene reporte
502 ## - NOTA DE TESIS
Nota de tesis Tesis (Ing. Agr. Esp. en Ingeniería Agroindustrial) -- UACh. Departamento de Ingeniería Agroindustrial
504 ## - NOTA DE BIBLIOGRAFÍA, ETC.
Nota de bibliografía, etc. Bibliografía: h. 91-94
505 ## - NOTA DE CONTENIDO CON FORMATO
Nota de contenido con formato 3 planos \ 1. Plano de distribución de área y diagrama de proceso \ 2. Diagrama de proceso \ 3. Plano fachado principal y corte longitudinal
520 ## - SUMARIO, ETC.
Sumario, etc. El país a traviesa una situación económica critica por la que resulta prioritario buscar fuentes alternar para mejorar la economía o bien la generación de empleos que garanticen ingresos económicos a las familias mexicanas dándole prioridad aquellas en estado de vulnerabilidad
901 ## - ELEMENTOS DE DATOS A LOCAL LDA (RLIN)
a para que puedan tener una mejor calidad de vida.
904 ## - ELEMENTOS DE DATOS D LOCAL, LDD (RLIN)
a o /
942 ## - ELEMENTOS DE PUNTO DE ACCESO ADICIONAL (KOHA)
Tipo de ítem Koha

No items available.